000 004540000a22001930004500
003 LK-CoMWRAF
008 230817t ||||| |||| 00| 0 eng d
040 _aLK-CoMWRAF
_dLK-CoMWRAF
_eLK-CoMWRAF
041 _aeng
082 _a500
_bPLA
_b
245 _aPlan of Action Dhaka 1997
_b
260 _aGrables
_bWLUML
_c
300 _ap.24
650 _aFundamentalism
650 _aMilitarisation
650 _aSexuality
650 _aWLUML
942 _cBK
999 _c3107
_d3107